| 000 | 00571nam a2200193 i 4500 | ||
|---|---|---|---|
| 001 | 146869 | ||
| 003 | ES-MaACL | ||
| 005 | 20260511145842.0 | ||
| 007 | t| | ||
| 008 | 070919s1946 sp ||||1| spa d | ||
| 100 |
_aTroyat, Henri, _d1911-2007 _9233580 |
||
| 245 | 1 | 0 |
_aDostoyevski / _cHenri Troyat ; [traducción del francés por Irene Andresco]. |
| 250 | _a[1ª ed.]. | ||
| 260 |
_aBarcelona : _bDestino, _c[1946] |
||
| 300 |
_a244 p. : _bil. ; _c22 cm. |
||
| 700 | 1 |
_aAndresco, Irene. _921625 |
|
| 852 |
_aES-MaACL _jB-10630 _bR.22280 |
||
| 999 |
_c146869 _d146869 |
||